LIBRARY & INFORMATION CENTRE, KCAET, TAVANUR

ONLINE PUBLIC ACCESS CATALOGUE (OPAC)

Galsworthy / (Record no. 2880)

MARC details
000 -LEADER
fixed length control field 00358cam a2200157ua 4500
041 ## - LANGUAGE CODE
Language code of text/sound track or separate title eng
082 ## - DEWEY DECIMAL CLASSIFICATION NUMBER
Classification number 828.09
Item number MUL/GA
100 ## - MAIN ENTRY--AUTHOR NAME
Personal name Mullik, B R .
245 ## - TITLE STATEMENT
Title Galsworthy /
250 ## - EDITION STATEMENT
Edition statement 1 /
260 ## - PUBLICATION, DISTRIBUTION, ETC. (IMPRINT)
Place of publication Delhi :
Name of publisher S Chand Co ,
Year of publication 1964.
300 ## - PHYSICAL DESCRIPTION
Number of Pages 45 ; .
942 ## - ADDED ENTRY ELEMENTS (KOHA)
Koha item type Books
Holdings
Withdrawn status Lost status Damaged status Home library Current library Date acquired Full call number Accession Number Koha item type
Withdrawn   Damaged KAUAET Malayalam University 07/04/2012 828.09 9996 Books
free website counter